00322nam a2200121Ia 4500008004100000041000800041082001200049100001700061245002900078260005000107300003200157365001100189240624s9999 xx 000 0 und d aeng a340 NAR aNARAYANA P S aART OF WRITING JUDGMENTS c2014aNew DelhibUniversal Law Publishing Co. axliv, : 380 : p. : cm. ; 23 cRSb15